| 000 | 00711cam a2200265 4500500 | ||
|---|---|---|---|
| 005 | 20260405003503.0 | ||
| 041 | _afre | ||
| 042 | _adc | ||
| 100 | 1 | 0 |
_aEltchaninoff, Michel _eauthor |
| 245 | 0 | 0 | _aDes voix dans le conflit |
| 260 | _c2022. | ||
| 500 | _a47 | ||
| 690 | _aCensure | ||
| 690 | _aConstantin Sigov | ||
| 690 | _aEurope | ||
| 690 | _aFéminisme | ||
| 690 | _aGuerre | ||
| 690 | _aInvasion | ||
| 690 | _aPrison | ||
| 690 | _aRésistance | ||
| 690 | _aRussie | ||
| 690 | _aUkraine | ||
| 786 | 0 | _nPhilosophie magazine | 158 | 4 | 2022-04-01 | p. 28-28 | 1951-1787 | |
| 856 | 4 | 1 | _uhttps://shs.cairn.info/magazine-philosophie-magazine-2022-4-page-28?lang=fr&redirect-ssocas=7080 |
| 999 |
_c2068026 _d2068026 |
||